Movies Quiz

Random Movies or Word Play Quiz

Wordwise Movie Titles Quiz Stats

Quiz Updated Nov 17, 2016

Challenge
Share
Tweet
Score 0/20 Timer 06:00
2 Plays Today
Movie % Correct
The Green Mile
97.5%
Blue Velvet
94.1%
Back to the Future
93.5%
Lost in Translation
92.9%
8 Mile
91.8%
The Sixth Sense
88.9%
The Day After Tomorrow
85.7%
The Empire Strikes Back
84.9%
Stand By Me
83.5%
Courage Under Fire
77.7%
Movie % Correct
Almost Famous
77.4%
Knocked Up
72.2%
Raising Arizona
71.9%
Double Indemnity
71.5%
Top Gun
69.9%
Broken Arrow
67.3%
Cruel Intentions
63.9%
Men in Black
57.4%
Space Cowboys
56%
Gone in 60 seconds
42.1%

You're not logged in!

Compare scores with friends on all Sporcle quizzes.
Join for Free
OR
Log In

You Might Also Like...

Show Comments

Extras

Top Quizzes Today


Score Distribution

Your Account Isn't Verified!

In order to create a playlist on Sporcle, you need to verify the email address you used during registration. Go to your Sporcle Settings to finish the process.

Report this User

Report this user for behavior that violates our Community Guidelines.

Details: